书目信息 |
| 题名: |
国防教育教程
|
|
| 作者: | 邱珂 编著 | |
| 分册: | ||
| 出版信息: | 兰州 甘肃人民出版社 2005 |
|
| 页数: | 213页 | |
| 开本: | 19cm | |
| 丛书名: | ||
| 单 册: | ||
| 中图分类: | E25 | |
| 科图分类: | ||
| 主题词: | ||
| 电子资源: | ||
| ISBN: | 7-80189-386-7 | |
| 000 | 00596nam0 2200217 45 | |
| 001 | 0189030086 | |
| 005 | 20070721090807.32 | |
| 010 | @a7-80189-386-7@dCNY15.00 | |
| 020 | @aCN@b89030086 | |
| 100 | @a19911017d2005 m y0chiy0120 ea | |
| 101 | 0 | @achi |
| 102 | @aCN | |
| 105 | @ay z 000yy | |
| 200 | 10 | @a国防教育教程@Aguo fang jiao yu jiao cheng@f邱珂编著@Fqiu ke bian zhu |
| 210 | @a兰州@c甘肃人民出版社@d2005 | |
| 215 | @a213页@d19cm | |
| 540 | 1 | @a国防教育@Aguo fang jiao yu |
| 690 | @aE25@v1980 | |
| 701 | 0 | @a邱珂@Aqiu ke@4编著 |
| 801 | 0 | @aCN@bTSSF@c20070721 |
| 905 | @a10447@dE25@e11 | |
| 国防教育教程/邱珂编著.-兰州:甘肃人民出版社,2005 |
| 213页;19cm |
| ISBN 7-80189-386-7:CNY15.00 |
| ● |
| 相关链接 |
|
|
|
|
正题名:国防教育教程
索取号:E25/11
 
预约/预借
| 序号 | 登录号 | 条形码 | 馆藏地/架位号 | 状态 | 备注 |
| 1 | 0768082 | 207680829 | 第一样本阅览室/ [索取号:E25/11] | 在馆 | |
| 2 | 0768083 | 207680838 | 密集书库/ [索取号:E25/11] | 在馆 |